| 000 | 01164nam a2200301 a 4500 | ||
|---|---|---|---|
| 001 | ebr10483609 | ||
| 003 | CaPaEBR | ||
| 006 | m u | ||
| 007 | cr cn||||||||| | ||
| 008 | 110730s2011 enk sb 001 0 eng d | ||
| 020 | _z9781841504247 | ||
| 020 | _z9781841505404 (e-book) | ||
| 040 |
_aCaPaEBR _cCaPaEBR |
||
| 035 | _a(OCoLC)741492860 | ||
| 050 | 1 | 4 |
_aPN1995.9.F54 _bA94 2011eb |
| 100 | 1 | _aAuger, Emily E. | |
| 245 | 1 | 0 |
_aTech-noir film _h[electronic resource] : _ba theory of the development of popular genres / _cEmily E. Auger. |
| 260 |
_aBristol : _bIntellect, _c2011. |
||
| 300 | _a492 p. | ||
| 500 | _aIncludes filmography. | ||
| 504 | _aIncludes bibliographical references and indexes. | ||
| 533 |
_aElectronic reproduction. _bPalo Alto, Calif. : _cebrary, _d2011. _nAvailable via World Wide Web. _nAccess may be limited to ebrary affiliated libraries. |
||
| 650 | 0 |
_aFilm noir _xHistory and criticism. |
|
| 650 | 0 | _aFilm genres. | |
| 655 | 7 |
_aElectronic books. _2local |
|
| 710 | 2 | _aebrary, Inc. | |
| 856 | 4 | 0 |
_uhttp://site.ebrary.com/lib/rucke/Doc?id=10483609 _zAn electronic book accessible through the World Wide Web; click to view |
| 999 |
_c225792 _d225792 |
||